| 000 | 00376pab a2200157 454500 | ||
|---|---|---|---|
| 008 | 180718b2011 xxu||||| |||| 00| 0 eng d | ||
| 100 | _aAtal, Yogesh | ||
| 245 | _aCombating poverty | ||
| 260 | _c2011 | ||
| 300 | _ap.2-32. | ||
| 362 | _aJul-Dec | ||
| 650 | _aPoverty | ||
| 773 | _aIASSI Quarterly - Contribution to Indian Social Sciences | ||
| 908 | _aN | ||
| 909 | _a97585 | ||
| 999 |
_c97584 _d97584 |
||